Gaming Quiz

Random Gaming or Pokémon Quiz
Score 0/64 Timer 06:00
2 Plays Today
Lightest Pokémon % Correct
Highest Base StatsMew
84.4%
HeaviestSnorlax
83.1%
TallestSnorlax
83.1%
Highest Base StatsSnorlax
83.1%
HeaviestMewtwo
82.9%
TallestMewtwo
82.9%
Highest Base StatsMewtwo
82.9%
ShortestCaterpie
78.9%
Lowest Base StatsCaterpie
78.9%
LightestCaterpie
78.9%
ShortestWeedle
78%
Lowest Base StatsWeedle
78%
LightestWeedle
78%
HeaviestDragonite
75.9%
TallestDragonite
75.9%
Highest Base StatsDragonite
75.9%
HeaviestOnix
74%
TallestOnix
74%
Highest Base StatsZapdos
72.7%
Highest Base StatsArticuno
72.6%
Highest Base StatsMoltres
72.5%
TallestMoltres
72.5%
LightestPidgey
70.2%
ShortestPidgey
70.2%
Lowest Base StatsPidgey
70.2%
LightestGastly
67.8%
HeaviestGolem
65.3%
LightestHaunter
65.2%
HeaviestGyarados
63.7%
TallestGyarados
63.7%
Highest Base StatsGyarados
63.7%
Lowest Base StatsMetapod
63.5%
Lightest Pokémon % Correct
Lowest Base StatsMagikarp
62.7%
Lowest Base StatsKakuna
62.5%
ShortestRattata
60.2%
Lowest Base StatsRattata
60.2%
LightestDiglett
56.1%
ShortestDiglett
56.1%
Lowest Base StatsDiglett
56.1%
TallestDragonair
54.9%
ShortestSpearow
53%
LightestSpearow
53%
Lowest Base StatsSpearow
53%
HeaviestLapras
50.7%
TallestLapras
50.7%
Highest Base StatsLapras
50.7%
LightestDratini
48.6%
TallestVenusaur
48%
ShortestDitto
44.7%
TallestArbok
42.7%
HeaviestMachamp
42.6%
HeaviestArcanine
41.7%
Highest Base StatsArcanine
41.7%
ShortestEevee
39.4%
TallestEkans
39.1%
TallestKangaskhan
36.8%
Lowest Base StatsZubat
35.1%
ShortestParas
31.2%
ShortestMagnemite
28.6%
LightestKoffing
26.1%
TallestExeggutor
23.1%
HeaviestCloyster
21.2%
LightestExeggcute
18.8%
ShortestShellder
17.7%
Remove Ads.
Support Sporcle.
Get the best of Sporcle when you Go Orange. This ad-free experience offers more features, more stats, and more fun while also helping to support Sporcle. Thank you for becoming a member.

You're not logged in!

Compare scores with friends on all Sporcle quizzes.
OR
Log In

Show Comments

Extras

Top Quizzes Today


Score Distribution

Your Account Isn't Verified!

In order to create a playlist on Sporcle, you need to verify the email address you used during registration. Go to your Sporcle Settings to finish the process.

Report this User

Report this user for behavior that violates our Community Guidelines.

Details: